000 00857nac a22002171u 4500
020 _a0130986372 (pbk.)
082 _a621.31042
_bW6736
090 _c867
_d867
100 _aWildi, Theodore.
245 _aElectrical machines, drives, and power systems /
_cTheodore Wildi.
250 _a5th ed., International ed.
260 _aUpper Saddle River, N.J.:
_bPearson Education International,
_cc2002.
300 _axix, 886 p. :
_bill. ;
_c24 cm.
500 _aPrevious ed: 2000.
504 _aIncludes bibliographical references and index.
650 _aElectric machinery.
650 _aElectric driving.
650 _aElectric power systems.
942 _cBB
_k621.31042W6736
999 _c867
_d867